000 00347nam a2200157Ia 4500
100 _aModule D22
650 _aElectrical Engineering
942 _cBK
654 _aThin Plate Working II
245 _aThin Plate Working II
260 _bE.I.T.B
_aEngland
_c1982
082 _a621.8
_bITB
300 _a112
546 _aENGLISH
999 _c29983
_d29983